Kadra reprezentacji Niemiec - MŚ 2014 - Statystyki

Ogólne statystyki
  • Ten quiz został rozwiązany 353 razy
  • Średni wynik to 13 z 24
Statystyki odpowiedzi
Nr Zawodnik Poz % Poprawnych
1 Manuel Neuer BR
99%
11 Miroslav Klose NA
88%
16 Philipp Lahm OB
85%
13 Thomas Müller NA
83%
20 Jérôme Boateng OB
81%
# Joachim Löw Trener
79%
10 Lukas Podolski NA
79%
19 Mario Götze PO
79%
5 Mats Hummels OB
71%
18 Toni Kroos PO
70%
6 Sami Khedira PO
68%
8 Mesut Özil PO
60%
9 André Schürrle PO
59%
7 Bastian Schweinsteiger PO
59%
4 Benedikt Höwedes OB
39%
22 Roman Weidenfeller BR
37%
17 Per Mertesacker OB
32%
2 Kevin Großkreutz OB
28%
23 Christoph Kramer PO
23%
14 Julian Draxler PO
21%
12 Ron-Robert Zieler BR
15%
15 Erik Durm OB
14%
21 Shkodran Mustafi OB
13%
3 Matthias Ginter OB
12%
Nie znaleziono quizów pasujących do podanych kryteriów
Rozkład punktacji
Procent ludzi z każdym wynikiem
Percentyl według liczby udzielonych odpowiedzi
Twoja historia wyników
Nie rozwiązałeś tego quizu